000 00275nam a22001217a 4500
999 _c13984
_d13984
082 _a658
100 _aHerman Aguinis
245 _aPerformance Management
250 _aFourth Edition
260 _aChicago
_bChicago Business Press
_c2019
300 _a381 Pages
942 _cBK